Statistiken für Die 10 häufigsten Warum-Fragen an Google

Klicken Sie hier um das Quiz zu spielen!

Allgemein

  • Dieses Quiz wurde 800 mal gespielt
  • Das Durchschnittsergebnis liegt bei 6 aus 10

Antwortstatistiken

Frage% Korrekt
Warum sind nachts alle Katzen g{rau}?
82%
Warum sind Grafikkarten so t{euer}?
81%
Warum sind Tränen s{alzig}?
81%
Warum sind die S{prit}preise so hoch?
70%
Warum sind Öle bei Zimmertemperatur f{lüssig}?
67%
Warum sind F{lamingos} rosa?
54%
Warum sind Viren keine L{ebewesen}?
49%
Warum sind Kurzstreckenfahrten mit kaltem Motor besonders u{mweltschädlich}?
48%
Warum sind Sie besonders gefährdet, wenn Sie ein Z{weirad} fahren?
25%
Warum sind ältere F{ußgänger} im Verkehr mehr gefährdet als jüngere?
15%

Verteilung der Resultate

Perzentil nach korrekt beantworteten Fragen

Anzahl Personen mit jedem Resultat

Ihre Resultats-Entwicklung

Sie haben dieses Quiz noch nicht gespielt